00346 a2200121 4500001001000000005001700010008004100027245003900068100002600107700001800133773005600151999001700207ART_3793420260410161751.0260409a 10aFacturación en moneda extranjera1 aGarcía, Fernando D.1 aVolman, Mario0 tDoctrina tributariag- Nº 428 (nov. 2015)wREV4296 c19640d19640